Statistics for FIFA Code to Country Name

Click here to take the quiz!

General Stats

  • This quiz has been taken 134 times
  • The average score is 18 of 20

Answer Stats

Code Country % Correct
ESPSpain
100%
ENGEngland
96%
QATQatar
96%
RUSRussia
96%
MEXMexico
96%
JPNJapan
96%
GHAGhana
96%
SUISwitzerland
96%
ITAItaly
95%
SWESweden
95%
NORNorway
95%
KORSouth Korea
95%
GERGermany
95%
NGANigeria
94%
CHIChile
90%
RSASouth Africa
87%
TRITrinidad & Tobago
84%
CIVCote d'Ivoire
81%
BIHBosnia & Herzovina
69%
CRCCosta Rica
65%

Score Distribution

Percentile by Number Answered

Percent of People with Each Score

Your Score History

You have not taken this quiz